Normale Ansicht MARC-Ansicht ISBD

Deutsche Romantiker-Zeichnungen (Titelsatznr. 60945)

[ MARC ]
MARC-Details
000 -Satzkennung
Kontrollfeld mit fester Länge 00952cam a2200313 4500
001 - Kontrollnummer
Kontrollfeld 193933241
003 - Kontrollnummer Identifier
Kontrollfeld DE-627
005 - Datum und Zeit der letzten Transaktion
Kontrollfeld 20201022124208.0
007 - Feld mit fester Länge zur physischen Beschreibung - Allgemeine Information
Kontrollfeld mit fester Länge tu
008 - Feld mit fester Länge zur physischen Beschreibung - Allgemeine Angaben
Kontrollfeld mit fester Länge 960308s1942 xx ||||| 00| ||ger c
035 ## - Systemkontrollnummer
System-Kontrollnummer (DE-627)193933241
035 ## - Systemkontrollnummer
System-Kontrollnummer (DE-599)GBV193933241
035 ## - Systemkontrollnummer
System-Kontrollnummer (OCoLC)166437201
035 ## - Systemkontrollnummer
System-Kontrollnummer (AT-OBV)AC05279187
040 ## - Katalogisierungsquelle
Original-Katalogisierungsstelle DE-627
Katalogisierungssprache ger
Übertragungsstelle DE-627
Beschreibungsfestlegungen rakwb
Bearbeitungsstelle STAFF
041 ## - Sprachcode
Sprachcode des Textes/der Tonspur oder des separaten Titels ger
044 ## - Ländercode der veröffentlichenden/herstellenden Stelle
ISO-Ländercode XA-DXDE
100 1# - Haupteintragung - Personenname
Personenname Schneider, Arthur von
Datumsangaben in Verbindung mit einem Namen 1886-1968
IDN des Normdatensatzes oder Standardnummer (DE-588)116822805
-- (DE-627)078293782
-- (DE-576)290870011
Code für Beziehungskennzeichnung aut
245 10 - Titel
Titel Deutsche Romantiker-Zeichnungen
Verfasserangabe etc. Einf. und Ausw. von Arthur von Schneider
246 30 - Titelvarianten
Hauptsachtitel/Kurztitel Romantikerzeichnungen
264 #1 - Produktion, Veröffentlichung, Distribution, Herstellung und Urheberrechtsvermerk
Herstellungs-, Veröffentlichungs- Vertriebs-, Erzeugungsort München
Produzent, Herausgeber, Distributor, Hersteller Prestel
Datum der Herstellung, der Veröffentlichung, des Vertriebs oder des Urheberschutzvermerks 1942
300 ## - Physische Beschreibung
Umfang XVI, 48 S.
Andere physische Details überw. Ill.
Maße
336 ## - Inhaltstyp
Inhaltstypterm Text
Inhaltstypcode txt
Quelle rdacontent
337 ## - Medientyp
Bezeichnung des Medientyps ohne Hilfsmittel zu benutzen
Medientypcode n
Quelle rdamedia
338 ## - Datenträgertyp
Datenträgertypbezeichnung Band
Datenträgertypcode nc
Quelle rdacarrier
500 ## - Allgemeine Fußnote
Allgemeine Fußnote In Fraktur
951 ## - EQUIVALENCE OR CROSS-REFERENCE--GEOGRAPHIC NAME/AREA NAME [OBSOLETE] [CAN/MARC only]
Geografischer Name BO
942 ## - Zusätzliche Felder (Koha)
Klassifikation oder Aufstellungssystematik Andere/Generische Klassifikation
Koha-Medientyp Monographien
Exemplare
Ausgeschieden Verloren Klassifikation oder Aufstellungssystematik Beschädigt Nicht entleihbar Heimatbibliothek Aufenthaltsbibliothek Aufstellungsort Erwerbungsdatum Anzahl Ausleihen Signatur Letzte Aktivität Exemplarnummer Preis gültig von Koha-Medientyp
    Andere/Generische Klassifikation     Stadtarchiv Frankfurt (Oder) | Archivbibliothek Stadtarchiv Frankfurt (Oder) | Archivbibliothek Magazin 22/10/2020   III: 1858 22/10/2020 91/2020 22/10/2020 Monographien